Acceso a la justicia de las mujeres en situación de pobreza en América Latina y el Caribe /

Enregistré dans:
Détails bibliographiques
Auteur principal: Flores, María del Luján
Format: Texte
Tags: Ajouter un tag
Pas de tags, Soyez le premier à ajouter un tag!

MARC

LEADER 00000 a a2200000 04500
001 47193
003
040
100 |a Flores, María del Luján  
245 |a Acceso a la justicia de las mujeres en situación de pobreza en América Latina y el Caribe /  |c María del Luján Flores  
773 |g número53, (2011), páginas 63-76  
999 |c 23585  |d 23585